[Event "Paramaribo zt 2.3.5 (Women)"]
[Site "Paramaribo"]
[Date "2014.02.01"]
[Round "1"]
[White "Heredia Serrano, Carla Sofia"]
[Black "Chou, Elysia"]
[Result "1-0"]
[WhiteElo "2169"]
[BlackElo "1664"]
[PlyCount "43"]
[EventDate "2014.02.01"]
[EventType "swiss"]
[EventRounds "9"]
[EventCountry "SUR"]
[SourceTitle "CBM 159 Extra"]
[Source "ChessBase"]
[SourceDate "2014.04.24"]
[SourceVersion "1"]
[SourceVersionDate "2014.04.24"]
[SourceQuality "1"]

1. e4 e5 2. Nf3 Nc6 3. Bc4 Bc5 4. c3 Nf6 5. d4 exd4 6. 0-0 dxc3 7. e5 cxb2 8. Bxb2 Ng4 9. Bxf7+ Kxf7 10. Qd5+ Ke8 11. Qxc5 b6 12. Qc4 Nh6 13. e6 Nf5 14. Re1 Kf8 15. Nc3 h5 16. Ba3+ Nce7 17. Qe4 dxe6 18. Qxa8 Rh6 19. Ne5 Kg8 20. Rad1 Qe8 21. Qxa7 g5 22. Qxc7 1-0